La oralidad laboral : (Registro nro. 28650)

Detalles MARC
000 -LEADER
fixed length control field 00848nam a2200229Ia 4500
003 - CONTROL NUMBER IDENTIFIER
control field CO-CtgCURN
005 - DATE AND TIME OF LATEST TRANSACTION
control field 20250407182216.0
008 - FIXED-LENGTH DATA ELEMENTS--GENERAL INFORMATION
fixed length control field 190723s9999 xx 000 0 und d
020 ## - INTERNATIONAL STANDARD BOOK NUMBER
International Standard Book Number 9789588757650
040 ## - CATALOGING SOURCE
Original cataloging agency CO-CtgCURN
Language of cataloging spa
Transcribing agency coctgcurn
082 ## - DEWEY DECIMAL CLASSIFICATION NUMBER
Classification number 344.01
Item number V182
100 ## - MAIN ENTRY--PERSONAL NAME
Personal name Vallejo Cabrera, Fabian
245 #0 - TITLE STATEMENT
Title La oralidad laboral :
Remainder of title derecho procesal del trabajo y de la seguridad social /
Statement of responsibility, etc. Fabian Vallejo Cabrera
260 ## - PUBLICATION, DISTRIBUTION, ETC.
Place of publication, distribution, etc. Bogotá, Colombia :
Name of publisher, distributor, etc. Libreria Juridica Sanchez R Ltda,
Date of publication, distribution, etc. 2014
300 ## - PHYSICAL DESCRIPTION
Extent 413 páginas ;
Dimensions 25 centímetros
504 ## - BIBLIOGRAPHY, ETC. NOTE
Bibliography, etc. note Incluye referencias bibliográficas (p. 411-413)
521 ## - TARGET AUDIENCE NOTE
Target audience note AREA PROFESIONAL
590 ## - LOCAL NOTE (RLIN)
Local note Programa de Derecho_18
650 ## - SUBJECT ADDED ENTRY--TOPICAL TERM
Topical term or geographic name entry element Legislacion laboral
942 ## - ADDED ENTRY ELEMENTS (KOHA)
Koha item type Libros
Classification part 344.01
Item part V182
Source of classification or shelving scheme Dewey Decimal Classification
Suppress in OPAC No
Existencias
Withdrawn status Lost status Source of classification or shelving scheme Damaged status Not for loan Collection Home library Current library Shelving location Date acquired Source of acquisition Inventory number Total checkouts Full call number Barcode Date last seen Copy number Price effective from Koha item type Public note
    Dewey Decimal Classification       Miguel Henríquez Castañeda Barranquilla Miguel Henríquez Castañeda Barranquilla General 05/23/2018 Compra OC-01-024-15 04033   344.01 V182 04033 07/23/2019 ej.1 07/23/2019 Libros Compra OC-01-024-15 IP 2015